ბათუმის შოთა რუსთაველის სახელმწიფო უნივერსიტეტის ბიბლიოთეკა

ლურჯი აქტინომიცეტების პიგმენტები (ბიბ.ჩანაწერი № 44431)

000 -LEADER
fixed length control field 00748nam a2200217Ia 4500
001 - CONTROL NUMBER
control field 11197
003 - CONTROL NUMBER IDENTIFIER
control field GE_BSU
008 - FIXED-LENGTH DATA ELEMENTS--GENERAL INFORMATION
fixed length control field 181216s||||||||xx |||||||||||||| ||und||
040 ## - CATALOGING SOURCE
Transcribing agency GE_BSU
080 ## - UNIVERSAL DECIMAL CLASSIFICATION NUMBER
Universal Decimal Classification number 579.87
100 ## - MAIN ENTRY--PERSONAL NAME
Personal name ლომთათიძე ზაურ
245 ## - TITLE STATEMENT
Title ლურჯი აქტინომიცეტების პიგმენტები
245 ## - TITLE STATEMENT
Statement of responsibility, etc. რედ: ბ. წერეთელი
260 ## - PUBLICATION, DISTRIBUTION, ETC.
Place of publication, distribution, etc. თბილისი.
260 ## - PUBLICATION, DISTRIBUTION, ETC.
Name of publisher, distributor, etc. უნივერსალი
260 ## - PUBLICATION, DISTRIBUTION, ETC.
Date of publication, distribution, etc. 2005
300 ## - PHYSICAL DESCRIPTION
Extent 119გვ.21სმ.
300 ## - PHYSICAL DESCRIPTION
Accompanying material ცხრ. საძიებ. გვ. 100-107
653 ## - INDEX TERM--UNCONTROLLED
Uncontrolled term ლურჯი აქტინომიცეტების პიგმენტები
942 ## - ADDED ENTRY ELEMENTS (KOHA)
Koha item type წიგნი
ეგზემპლარები
Withdrawn status Lost status Damaged status Not for loan Date acquired Barcode Date last seen Price effective from Koha item type
        2018-12-17 19321 2018-12-17 2018-12-17 წიგნი